000 00454nam a2200205Ia 4500
003 0100
008 130303s9999 xx 000 0 und d
040 _cARRUPELIB
050 _aBJ84.I5H8 1967
100 _aHudson, W.D
245 _aEthical intuitionism
260 _aLondon
260 _bMacmillan
260 _C1967
300 _a75p.
300 _b 23 cm.
650 _aETHICS
650 _bBirth control-Religious aspects
942 0 0 _01
999 _c36916
_d36916